| 000 | 00747cas a22002295a 4500 | ||
|---|---|---|---|
| 001 | L139345 | ||
| 008 | 070725d1991at qr p 0 a0eng u | ||
| 035 | _a(Sirsi) u139345 | ||
| 041 | 0 | _aeng | |
| 110 | 2 |
_aAustralian Institute of Valuers and Land Economists _93003 |
|
| 245 | 0 | 4 | _aThe Valuer |
| 260 |
_aSydney _bCommonwealth Institute of Valuers _c[19-?]- |
||
| 362 | 0 | _aLondon: 1 January 1940-November 1991 | |
| 362 | 0 | _aEdinburgh: 30(1) January 1989-November 1991 | |
| 554 | _aFour per year | ||
| 651 | 4 | _aAustralia | |
| 690 | _aPROPERTY-PROPERTY APPRAISAL AND VALUATION | ||
| 710 | 2 |
_aCommonwealth Institute of Valuers _9409 |
|
| 710 | 2 | _aAustralian Institute of Valuers | |
| 785 | 0 | 0 |
_tValuer and Land Economist _x0042-2414 |
| 942 | _n0 | ||
| 999 |
_c119083 _d119083 |
||